Formes précoces de l'idée moderne de tolérance religieuse chez Sébastien Castellion (Record no. 857845)
[ view plain ]
| 000 -CABECERA | |
|---|---|
| Campo de control de longitud fija | 00572nab a2200145 4500 |
| 003 - IDENTIFICADOR DEL NÚMERO DE CONTROL | |
| Campo de control | ES-SlBCS |
| 005 - FECHA Y HORA DE LA ÚLTIMA TRANSACCIÓN | |
| Campo de control | 20220423201909.0 |
| 008 - CÓDIGOS DE INFORMACIÓN DE LONGITUD FIJA | |
| Campo de control de longitud fija | 160615s2015 sz ||||| |||| 00| 0 fre d |
| 040 ## - FUENTE DE LA CATALOGACIÓN | |
| Centro catalogador del origen | ES-SlBCS |
| Lengua de catalogación | spa |
| 100 1# - PUNTO DE ACCESO PRINCIPAL-NOMBRE DE PERSONA | |
| Nombre de persona | Bühler, Pierre |
| 9 (RLIN) | 10824 |
| 245 10 - MENCIÓN DE TÍTULO | |
| Título | Formes précoces de l'idée moderne de tolérance religieuse chez Sébastien Castellion |
| Mención de responsabilidad, etc. | Pierre Bühler |
| 600 14 - PUNTO DE ACCESO ADICIONAL DE MATERIA-NOMBRE DE PERSONA | |
| Nombre personal | Castellion, Sébastien |
| Fechas asociadas con el nombre | 1515-1563 |
| Subdivisión general | Crítica e interpretación |
| 9 (RLIN) | 410931 |
| 773 0# - ENLACE AL DOCUMENTO FUENTE | |
| Parte(s) relacionada(s) | Vol. 147, Nº 4, 2015, págs. 345-358 |
| Título | Revue de Théologie et de Philosophie |
| Número de control del registro relacionado | Rev1459 |
| Número Internacional Normalizado para Publicaciones Seriadas (ISSN) | 0035-1784 |
| 942 ## - ENTRADA DE ELEMENTOS AGREGADOS (KOHA) | |
| Fuente de clasificaión o esquema | |
| Koha [por defecto] tipo de item | Artículos de revista |
| Suprimido | Perdido | Fuente de clasificación o esquema | Estropeado | No para préstamo | Localización permanente | Localización actual | Localización en estantería | Fecha adquisición | Préstamos totales | Fecha última consulta | Fecha del precio de reemplazo | Tipo de item de Koha |
|---|---|---|---|---|---|---|---|---|---|---|---|---|
| San Esteban | San Esteban | Depósito de revistas | 15/06/2016 | 15/06/2016 | 15/06/2016 | Artículos de revista |
